[Event "Lazne Bohdanec"]
[Site "Lazne Bohdanec"]
[Date "1996.??.??"]
[Round "4"]
[White "Kogan, Artur"]
[Black "Neverov, Valeriy"]
[Result "1/2-1/2"]
[WhiteElo "2485"]
[BlackElo "2515"]
[Annotator "King,D"]
[PlyCount "74"]
[EventDate "1996.01.??"]
[EventType "tourn"]
[EventRounds "11"]
[EventCountry "CZE"]
[EventCategory "10"]
[SourceTitle "CBM 051"]
[Source "ChessBase"]
[SourceDate "1996.04.01"]
[SourceVersion "1"]
[SourceVersionDate "1996.04.01"]
[SourceQuality "1"]

1. e4 c5 2. Nf3 d6 3. Nc3 Nf6 4. g3 g6 5. Bg2 Bg7 6. d4 cxd4 7. Nxd4 O-O 8. O-O
Bg4 9. Nde2 Nc6 10. h3 Bxe2 11. Nxe2 Rc8 12. c3 a6 13. Nf4 b5 14. Qe2 Na5 15.
Rd1 Qc7 16. h4 e6 17. h5 Rfe8 18. hxg6 hxg6 19. Nd3 Nc4 20. a4 d5 21. exd5 Nxd5
22. axb5 axb5 23. Nf4 b4 24. cxb4 Nxb4 25. Ra4 Nd5 26. Be4 Ncb6 27. Ra3 Qc4 28.
Bd3 Qxc1 29. Rxc1 Rxc1+ 30. Kh2 Nxf4 31. gxf4 Nd5 32. Ra4 Rcc8 33. Qf3 Bxb2 34.
f5 {White chooses to simplify - correctly. If he doesn't he could easily lose
the pawn on f4, and perhaps even the game.} Be5+ 35. Kg2 gxf5 36. Bxf5 Nf4+ 37.
Rxf4 Bxf4 {In conclusion we can say that in positions with queen versus pieces:
** The pieces need secure footholds; and a good pawn structure helps too. In
other words, a lack of targets for the queen to attack.  ** In general, the
player with the queen should try to exchange off as many pieces as possible,
the rooks in particular, in order to lessen any attacking chances, but also to
create more targets: the pieces can no longer protect each other, and the
queen usually has greater freedom of movement.  Positions with rook and minor
piece against queen are often playable, but in practical play, it is usually a
great advantage to have the queen.} 1/2-1/2

[Event "GER-ch 70th"]
[Site "Bremen"]
[Date "1998.11.13"]
[Round "8"]
[White "Luther, Thomas"]
[Black "Hickl, Joerg"]
[Result "1/2-1/2"]
[WhiteElo "2560"]
[BlackElo "2540"]
[Annotator "King,D"]
[PlyCount "52"]
[EventDate "1998.11.06"]
[EventType "swiss"]
[EventRounds "9"]
[EventCountry "GER"]
[SourceTitle "CBM 068"]
[Source "ChessBase"]
[SourceDate "1999.02.01"]
[SourceVersion "1"]
[SourceVersionDate "1999.02.01"]
[SourceQuality "1"]

1. e4 g6 2. d4 Bg7 3. Nc3 d6 4. Nf3 Nf6 5. Be2 O-O 6. O-O c5 7. Re1 cxd4 8.
Nxd4 Nc6 9. Nb3 b6 10. Bf1 Bb7 11. Nd5 Nd7 12. c3 Re8 13. Bg5 h6 14. Bh4 g5 15.
Bg3 Nce5 16. Nd2 e6 17. Ne3 Nf6 18. Nec4 Qc7 19. Nxe5 dxe5 20. Qe2 (20. Qb3 $6
Nh5 $1 $15 {grabbing the bishop.}) 20... Rad8 21. Rad1 Re7 22. f3 Nh5 23. Bf2
Nf4 24. Qc4 {The only thing that White has going for him in this position is
the queenside pawn majority. Its potency would increase with the queen
exchange.} Qb8 $1 25. Qb3 Red7 26. Nc4 Bc6 {I would say that White is a
fraction better here - after exchanging rooks for instance.} 1/2-1/2

[Event "Wuppertal"]
[Site "Wuppertal"]
[Date "1995.??.??"]
[Round "?"]
[White "Siebrecht, Sebastian"]
[Black "Odendahl, Reiner"]
[Result "1-0"]
[WhiteElo "2315"]
[BlackElo "2370"]
[Annotator "Konikowski,J"]
[PlyCount "73"]
[EventDate "1995.??.??"]
[EventType "game"]
[EventRounds "1"]
[EventCountry "GER"]
[SourceTitle "CBM 047"]
[Source "ChessBase"]
[SourceDate "1995.08.01"]
[SourceVersion "1"]
[SourceVersionDate "1995.08.01"]
[SourceQuality "1"]

1. e4 c5 2. Nf3 d6 3. d4 cxd4 4. Nxd4 Nf6 5. Nc3 g6 6. g3 Bg4 7. Qd2 $5 {N} (7.
Qd3 Qc8 8. Bg2 Bg7 9. h3 Bd7 10. Be3 $14 {Adams-Suesman/Boston/1944/}) (7. f3
Bd7 8. Be3 Bg7 9. Qd2 O-O 10. O-O-O Nc6 11. g4 $36) 7... Nc6 8. Bg2 Qc8 9. Nxc6
bxc6 10. h3 Be6 11. b3 Bg7 12. Bb2 O-O 13. O-O-O d5 14. e5 Nd7 15. f4 f6 16.
exf6 (16. Nxd5 cxd5 17. Bxd5 Nc5 18. Bxa8 Qxa8 19. Qe3 Rc8 20. Bd4 Qc6 $132)
16... exf6 17. Rhe1 Re8 (17... Nb6 $5) 18. g4 Bf7 $2 (18... Nb6 $5) 19. Rxe8+
Qxe8 20. Nxd5 $5 cxd5 21. Bxd5 Nf8 (21... Rd8 22. Bc6 Be6 23. Re1 Qf8 24. Rxe6
Nc5 25. Qxd8 Qxd8 26. Re8+ Qxe8 27. Bxe8 $18) 22. Bxa8 Qxa8 23. g5 Qe4 $2 (
23... fxg5 $142) 24. Bxf6 Ne6 25. Bxg7 Kxg7 26. Rf1 Kg8 27. h4 Kf8 28. h5 Ke7
29. Re1 Qf5 30. h6 Kf8 31. Qd6+ Kg8 32. Qb8+ Nf8 33. Re7 a5 34. Ra7 Be6 35.
Rg7+ Kh8 36. Qd6 Nd7 37. Qd4 1-0

[Event "ARG-World"]
[Site "Buenos Aires"]
[Date "1994.??.??"]
[Round "2"]
[White "Spangenberg, Hugo"]
[Black "Leko, Peter"]
[Result "1/2-1/2"]
[WhiteElo "2510"]
[BlackElo "2545"]
[Annotator "Leko,P"]
[PlyCount "72"]
[EventDate "1994.04.??"]
[EventType "schev"]
[EventRounds "10"]
[EventCountry "ARG"]
[SourceTitle "CBM 042"]
[Source "ChessBase"]
[SourceDate "1994.10.01"]
[SourceVersion "1"]
[SourceVersionDate "1994.10.01"]
[SourceQuality "1"]

1. e4 c5 2. Nf3 d6 3. d4 cxd4 4. Nxd4 Nf6 5. Nc3 Nc6 6. g3 g6 7. Bg2 Nxd4 8.
Qxd4 Bg7 9. O-O O-O 10. a4 Be6 11. Qb4 Qc7 12. Bg5 $146 {(12.a5)} Rac8 13. Rfc1
(13. a5 Qc4 14. Ra4 Rc7 15. Be3 Qa6 16. Qa3 Ng4 17. Bd4 Ne5 18. Rd1 Nc4 19. Qa1
(19. Qb4 $5) 19... Bxd4 20. Rxd4 b5 $1 $15) 13... a5 $1 (13... Rfe8 14. Nd5
Nxd5 15. exd5 Bf5 16. c3 $14) 14. Qa3 $2 (14. Qd4 Nd5 15. Nxd5 Bxd4 16. Nxc7
Rxc7 17. c3 $10) 14... Ng4 $1 $15 {(><f2)} 15. Nd1 $8 (15. Nd5 $2 Bxd5 16. exd5
Bd4 $19) 15... Ne5 16. Ne3 h6 17. Bf4 Nc6 {(/\g5)} 18. h4 (18. Nd5 Bxd5 19.
exd5 Nd4 20. Qd3 Qc4 $17) 18... Nd4 19. Qd3 Qc5 {(/\g5)} 20. Nd5 Bxd5 21. exd5
Qc4 22. Qxc4 Rxc4 23. Bf1 $8 Rxc2 (23... Rc5 $1 24. Be3 Rxd5 25. c4 Rc5 (25...
Rh5 $5) 26. Rd1 e5 27. Bxd4 exd4 28. b3 d5 $17) 24. Rxc2 Nxc2 25. Rc1 Nb4 26.
Bd2 $1 $15 Nxd5 (26... Bxb2 27. Rc7 Nxd5 28. Rxb7 Bc3 29. Bxh6 Rc8 $15) 27. Bg2
e6 28. b3 Ra8 29. Bxd5 exd5 30. Rc7 b6 31. Rc6 $1 (31. Rb7 Bd4 32. Bxh6 Rc8 $17
) 31... Rb8 32. Rxd6 d4 33. Kf1 Kf8 34. Rd7 Rc8 (34... Ke8 35. Rc7 Be5 36. Rc1
$1 {(/\Re1)} Kd7 37. Bxh6 $10) 35. Rd6 Rb8 36. Rd7 Rc8 1/2-1/2

[Event "Olympiad-32"]
[Site "Yerevan"]
[Date "1996.09.28"]
[Round "12.1"]
[White "Zagrebelny, Sergey"]
[Black "Ivanchuk, Vassily"]
[Result "0-1"]
[WhiteElo "2480"]
[BlackElo "2730"]
[Annotator "Lempert,I"]
[PlyCount "88"]
[EventDate "1996.09.15"]
[EventType "team-swiss"]
[EventRounds "14"]
[EventCountry "ARM"]
[SourceTitle "CBM 055"]
[Source "ChessBase"]
[SourceDate "1996.12.01"]
[SourceVersion "1"]
[SourceVersionDate "1996.12.01"]
[SourceQuality "1"]
[WhiteTeam "Uzbekistan"]
[BlackTeam "Ukraine"]
[WhiteTeamCountry "UZB"]
[BlackTeamCountry "UKR"]

1. e4 c5 2. Nf3 d6 3. d4 cxd4 4. Nxd4 Nf6 5. Nc3 Nc6 6. Be2 g6 7. O-O Bg7 8.
Nb3 O-O 9. Re1 Be6 10. Bf1 Rc8 11. Nd5 Ne5 12. a4 (12. Bg5 Bxd5 13. exd5 h6 $5
14. Be3 Qc7 $13) 12... Re8 (12... Bg4 13. f3 Nxd5 14. exd5 Bf5 15. c3 Nc4 16.
Kh1 a6 17. Bxc4 Rxc4 18. Be3 $14 {Reinderman,D-Barkhagen,J/Sas Van Gent/1992/})
13. a5 Bg4 14. f3 Bd7 15. c3 Nc4 16. Ne3 Ne5 17. Nd4 $1 (17. Nd5 Nc4 18. Ne3
$10) 17... a6 18. Qb3 Qc7 19. Nd5 $2 (19. Bd2 $5 Nc6 20. Nc4 $16) (19. Bd2 e6 (
19... Qb8 20. Red1 Qa7 21. Kh1 $16) 20. Red1 $14) (19. Kh1) 19... Nxd5 20. exd5
$2 (20. Qxd5 $142) 20... Nc4 21. Bg5 $6 (21. Bxc4 Bxd4+ 22. cxd4 Qxc4 $17) (21.
Qb4 $5) 21... Nxa5 $17 22. Qb4 Nc4 23. Bxe7 (23. Bxc4 Bxd4+ 24. cxd4 Qxc4 25.
Qxc4 Rxc4 26. Rxe7 Rxe7 27. Bxe7 Rxd4 28. Bxd6 Rxd5 $17) 23... Be5 24. Bh4 Qb6
$1 25. Bf2 Qxb4 26. cxb4 Kf8 27. Re2 Bf6 28. Rae1 Nxb2 $1 29. b5 Rxe2 30. Bxe2
a5 31. Nc6 bxc6 32. dxc6 Bxc6 33. bxc6 Rxc6 34. Bb5 Rc8 $19 35. Bg3 d5 36. Ra1
Kg7 37. Rxa5 Rc5 38. Bd6 Bd4+ 39. Kf1 Rc1+ 40. Ke2 Rc2+ 41. Kf1 Rf2+ 42. Ke1
Rxg2 43. Ra8 Nc4 44. Bg3 Bc3+ 0-1

[Event "Bucharest"]
[Site "Bucharest"]
[Date "1996.??.??"]
[Round "?"]
[White "Milu, Romeo Sorin"]
[Black "Marin, Mihail"]
[Result "1/2-1/2"]
[WhiteElo "2435"]
[BlackElo "2545"]
[Annotator "Marin,M"]
[PlyCount "147"]
[EventDate "1996.??.??"]
[EventType "tourn"]
[EventRounds "15"]
[EventCountry "ROU"]
[EventCategory "9"]
[SourceTitle "EXT 1999"]
[Source "ChessBase"]
[SourceDate "1998.11.16"]
[SourceVersion "1"]
[SourceVersionDate "1998.11.16"]
[SourceQuality "1"]

1. e4 c5 2. Nf3 d6 3. d4 Nf6 4. Nc3 cxd4 5. Nxd4 g6 6. g3 Bg7 7. Bg2 O-O 8. O-O
Nc6 9. Nde2 Rb8 10. a4 a6 11. Nd5 Nd7 $44 (11... b5) 12. c3 b5 13. axb5 axb5
14. Nd4 Nde5 15. Nxc6 (15. f4 Nxd4 16. fxe5 Nc6 17. exd6 Qxd6 18. Bg5 Be5 $1)
15... Nxc6 16. Qe2 b4 (16... e6 17. Nb4 $5) 17. Bd2 (17. c4 e6 18. Ne3 Qb6 $15)
17... bxc3 18. Bxc3 Bxc3 19. bxc3 Be6 20. c4 Bxd5 21. cxd5 Nd4 22. Qd3 Nb3 23.
Rab1 Nc5 24. Qe3 Qa5 (24... Qc7 $5 25. f4 Rxb1 26. Rxb1 Rb8) 25. h4 Qa2 26.
Rxb8 Rxb8 27. e5 Qb2 28. exd6 exd6 29. Qe7 (29. Qf4 Qe5 30. Qxe5 dxe5 31. Rc1
Nd7 32. Rc7 Nf6 $15) 29... Qb6 30. h5 Qd8 31. Qxd8+ Rxd8 32. hxg6 hxg6 33. Rd1
$2 (33. Rb1 $1) 33... Rb8 34. Rd2 Rb1+ 35. Kh2 Kg7 36. f4 Kf6 37. Bf3 Nb3 38.
Ra2 Nd4 39. Bg2 Rb3 40. Ra6 Nf5 41. g4 (41. Bh3 $1 Rb2+ 42. Kg1 Nxg3 43. Rxd6+
Ke7 44. Ra6 Ne2+ 45. Kh1 Nxf4 46. d6+ Kf8 47. d7 Ke7 48. Ra8 Rd2 49. Re8+ Kf6
50. Bg4 Kg5 51. d8=Q+ Rxd8 52. Rxd8 Kxg4 $15) 41... Ne3 42. Bh3 Ke7 $17 43. Ra4
(43. Ra7+ Kf8 44. Ra6 Nxd5 45. Rxd6 Nxf4 46. Bf1 Rf3 47. Bg2 (47. Kg1 Rg3+) (
47. Bc4 Rh3+ 48. Kg1 Rg3+) 47... Re3) 43... Rd3 $2 (43... Nxd5 44. Re4+ Kf8 45.
Rd4 Rb5 46. g5 (46. Bg2 Ne3 $17) 46... Ke7 47. Re4+ (47. f5 gxf5 48. Bxf5 Ne3
49. Re4+ Kf8 50. Rxe3 Rxf5) 47... Kd8 48. Rd4 (48. f5 gxf5 49. Bxf5 Ne7) 48...
Kc7 $17) 44. g5 $1 Kf8 (44... Nxd5 45. f5 gxf5 46. Bxf5 Rd2+ 47. Kg3) 45. Ra8+
Kg7 46. Ra7 $1 Nf5 47. Bxf5 gxf5 48. Rd7 $1 (48. Ra5 Kg6 49. Kg2 Kh5 50. Ra7
Kg4 51. Rxf7 Kxf4 $19) 48... Rxd5 49. Kg3 Kg6 50. Kf3 f6 51. gxf6 Kxf6 52. Rh7
Rd3+ 53. Ke2 Rg3 54. Rh6+ Rg6 55. Rh5 Ke6 56. Ke3 Rg3+ 57. Kd4 Rf3 58. Rh6+ Kd7
59. Kd5 Rd3+ 60. Kc4 Ra3 61. Rf6 Ra5 62. Kd4 Ke7 63. Rh6 Ra4+ 64. Kd5 Rxf4 65.
Re6+ Kf7 66. Rxd6 Re4 67. Ra6 Kg7 68. Rb6 Re3 69. Kd4 f4 70. Ra6 Re7 71. Kd3 f3
72. Ra2 Re2 73. Rxe2 fxe2 74. Kxe2 1/2-1/2

[Event "ISR-ch op"]
[Site "Ramat Aviv"]
[Date "1999.04.08"]
[Round "9"]
[White "Shevelev, Arkady"]
[Black "Mikhalevski, Victor"]
[Result "0-1"]
[WhiteElo "2378"]
[BlackElo "2531"]
[Annotator "Mikhalevski,V"]
[PlyCount "98"]
[EventDate "1999.03.28"]
[EventType "swiss"]
[EventRounds "9"]
[EventCountry "ISR"]
[SourceTitle "CBM 070"]
[Source "ChessBase"]
[SourceDate "1999.06.08"]
[SourceVersion "1"]
[SourceVersionDate "1999.06.08"]
[SourceQuality "1"]

{[%mdl 1]} 1. e4 c5 {A big surprise for my opponent. In all our previous games
I used to play 1...e5. Besides I had an intention to play for a win that is
quite difficult after 1...e5 espesially if your rather expierenced opponent
didn't object against a draw. Despite very little practice in Sicilian defence
I managed to play my best game in this tournament.} 2. Nf3 d6 3. d4 cxd4 4.
Nxd4 Nf6 5. Nc3 g6 6. g3 {Favourite weapon of A.Shevelev against Dragon.} Nc6
7. Nde2 Bg7 8. Bg2 O-O 9. O-O Rb8 10. a4 a6 11. Nd5 b5 12. axb5 axb5 13. c3 {
Very rare branch of the g3-line. Its purpose is to refrain from h3. The
possibility of immediate 13...b4 is a principal drawback.} ({After the main} 
13. h3 {Black has a choice between} Nd7 ({and} 13... b4)) 13... b4 ({After} 
13... Nd7 {White can abstain from h3 that is the idea of 13.c3. Despite this
fact Black has got good positions in both games I managed to find.} 14. Nd4
Nxd4 (14... Nde5 15. Nxc6 Nxc6 16. Qe2 e6 17. Nb4 Nxb4 18. cxb4 Bb7 19. Rd1 Qc7
20. Bf4 Rfd8 21. Rac1 Qe7 22. Rc2 Ba8 23. Rdc1 {1/2-1/2 Vulicevic,N-Kaliksteyn,
A/New York 1993/TD (23)}) 15. cxd4 Bb7 16. Nb4 Ra8 17. Be3 Rxa1 18. Qxa1 Qb6
19. Qd1 Qa5 20. Qd2 Rc8 $11 {1-0 Janev,E-Ilchov,R/Bankia 1992/EXT 98 (40)}) 14.
Nxf6+ $146 {Perhaps a novelty.} (14. Nd4 Nxd4 (14... Bb7 $2 15. Nxc6 Bxc6 16.
Nxb4 Bxe4 17. Bxe4 Nxe4 18. Nc6 {[%cal Gc6d8,Gc6b8]}) 15. Nxf6+ {1/2-1/2
Lukov-Georgiev,1984} (15. cxd4 Nxd5 16. exd5 e6) 15... exf6 $1 16. cxd4 f5 $15
{with minimal adge for Black.}) 14... Bxf6 15. Nd4 Ne5 $1 {[%mdl 2048] A fight
for the initiative from the very beginning.} (15... Bb7 16. f4 $1 Qb6 17. Be3)
16. f4 Bg4 $1 {It's important to take off one defence from the knight on d4.} (
{Now in case of} 16... Nc4 17. b3 {is possible.}) (16... Qb6) (16... bxc3 $5
17. bxc3 (17. fxe5 dxe5) 17... Nc4 18. Nc6 $140 $4 Qb6+ {[%cal Rb6g1,Rb6c6]})
17. Qc2 Nc4 (17... Qb6 18. Be3 Nc4 19. Bf2 bxc3 20. bxc3) 18. f5 $5 {An
interesting idea. White tries to catch Black' s bishop that forces me play
very fast.} ({This time} 18. b3 $2 {is refuted by} bxc3 $1 {[%csl Rd4] That's
why 16...Bg4 is important.} 19. Qxc3 Qb6 $19 {[%csl Ra1,Rd4]}) 18... Qb6 $1 {
The only thing to think about was to change first on c3 or not. I decided to
refrain from it as possibility N:b2 can be essential in some variations.} 19.
Qf2 $8 ({After} 19. h3 $2 {Black make use of unprotectability of the rook on
a1.} bxc3 20. bxc3 Bxd4+ 21. cxd4 Qxd4+ 22. Kh2 Qxa1 $19 23. Qxc4 $140 (23. Bh6
Qd4 {[%cal Gc4e3,Gb8b2]}) 23... Rfc8 24. Bg5 Qb2 $1 {[%cal Gg4e2,Gc8c2]}) 19...
Rfc8 $1 {[%cal Gc4b2] preparing N:b2! The only problem before making of this
move was choosing the right piece to put on the c-file.19...Qc5 and 19...Rbc8
with the same idea N:b2 came in consideration, but the move in the text seems
most logical as weakening of the f7 square is not important.} ({Now} 19... Nxb2
$2 {doesn't work} 20. Qxb2 (20. Bxb2 $2 bxc3 21. Bxc3 Rfc8 {[%csl Rd4]}) 20...
bxc3 21. Qxb6) 20. Ra4 $1 {Clever defence.Now knight on d4 is defended by the
rook from a4!} ({After} 20. h3 $5 {White's construction in the centre
collapses by the means of} Nxb2 $1 {[%csl Rc3,Rd4] Black strikes on the base
of the construction.} 21. fxg6 $1 {This intermediate move temporary saves
White.} ({Both} 21. Bxb2 bxc3 $19 {[%csl Rd4]}) ({and} 21. Qxb2 Rxc3 {[%csl
Rd4]} 22. hxg4 Bxd4+ 23. Kh2 Ra3 $1 $19 {[%csl Ra1] lead to the complete
disaster.}) 21... Nd3 $1 (21... Nd1) (21... hxg6 22. Qxb2 Rxc3 23. Rxf6 $1 {
The point of 21.fg!} exf6 24. Qf2 $1) 22. gxf7+ (22. Qe3 hxg6 23. Rxf6 $1 Nxc1
(23... exf6 24. Qxd3 Rxc3 25. Qd2 Bf3 $13) 24. Rxc1 exf6 25. hxg4 Qc5 $1 $17 {
[%cal Gb4c3]}) 22... Kxf7 23. Qa2+ b3 24. Qxb3+ (24. Qd2 $142 {Probably the
only White's chance to escape.}) 24... Qxb3 25. Nxb3 Be2 $1 26. Rxf6+ Kxf6 27.
Nd4 Nxc1 28. Rxc1 Bd3 $19) 20... bxc3 ({After} 20... Nxb2 $2 21. Bxb2 (21. Qxb2
$2 Rxc3) (21. Rxb4 Qxb4 {see comments of 22...Qc5}) 21... bxc3 22. Bc1 {
[%cal Ga4d4] White's defence works.}) 21. bxc3 Ne5 $1 {[%cal Gc8c3] Again
Black wants to destroy the base of the construction.} 22. Rb4 (22. Bd2 Qc5 23.
h3 Nd3 24. Qe3 Nb2 25. Ra6 Nc4 $19) 22... Qc5 $1 ({Tempting} 22... Qxb4 {
is enough only for equality.} 23. cxb4 Nd3 24. Qe3 Nxc1 {[%cal Gf6d4]} 25. Rxc1
(25. Kh1 $5) 25... Rxc1+ 26. Qxc1 Bxd4+ 27. Kf1 $1 Ra8 $1 (27... Rxb4 $2 28. h3
Ra4 $140 29. Qc8+ Kg7 30. hxg4) 28. h3 Ra1 (28... Bh5 29. b5 $1 (29. g4 Ra1 30.
Qxa1 Bxa1 31. gxh5 gxf5 32. exf5 e6 33. h6 $1 d5 34. Bf3 $11 {[%csl Rh7][%cal
Gf3d1,Gd1c2]}) 29... Ra1 30. Qxa1 Bxa1 31. b6 d5 32. exd5 {[%cal Gd5d6]} Be5
$11) 29. Qxa1 Bxa1 30. hxg4 $11) 23. Rxb8 Rxb8 {[%cal Gc5c3,Ge5d3]} 24. Qe3 {
Most stubborn defence} (24. Bd2 $2 Rb2 {[%cal Ge5c4]}) (24. h3 Nd3 $1 (24...
Qxc3 {[%cal Ge5d3]} 25. hxg4 Nxg4 26. Ne2 $1) 25. Qd2 (25. Qe3 Qxc3 26. Nc6 Be2
$1 27. Bd2 Qxc6 28. Qxe2 $17) 25... Nxc1 26. Rxc1 Be2 $5 $17 {[%cal Ge2c4]} (
26... e5 $5) (26... Rc8 27. Rb1 Qxc3 $140 28. Qxc3 Rxc3 29. Nb5 Rxg3 30. hxg4
Rxg4 $13)) 24... Nc4 25. Qf2 Ne5 {Being in time-trouble I have repeated the
position winning time for finding very nice idea} 26. Qe3 h6 $3 {[%cal Gf6g5]
[%mdl 64] That's it.Otherwise I would have to resign myself for a draw.} 27.
Nc2 $2 {[%mdl 16384] Serious mistake after very stubborn defence.Now Black'
pressure is getting decisive.} (27. h3 $2 Bg5 28. Qf2 (28. Qe1 Nd3 {[%csl Re1]}
) 28... Nd3 29. Qa2 Nxc1 30. Rxc1 Bxc1 31. fxg6 Be6 $19) (27. Qxh6 $6 Qxc3 28.
Qe3 Qxd4 $1 29. Qxd4 Nf3+ 30. Bxf3 Bxd4+ 31. Kg2 gxf5 $17) (27. fxg6 $1 {
was the only chance to stay in the game.} fxg6 28. Qxh6 Qxc3 29. Qe3 Qxe3+ $1 (
29... Qc5 {[%csl Rd4][%cal Ge5c4]} 30. Kh1 $1) (29... Nd3 $2 30. e5 $1 {
[%csl Rg8][%cal Gg2d5]}) 30. Bxe3 Nc4 31. Bf2 Rb2 $1 {[%csl Rd4][%cal Gb2f2]}
32. Nc6 $8 (32. Nf3 $2 Bxf3 33. Bxf3 Nd2) (32. h3 $2 Rxf2 $1) 32... Nd2 33. Re1
Nf3+ 34. Bxf3 Bxf3 35. e5 $1 Bxc6 36. exf6 e5 $1 $15 {[%csl Gd6,Ge5,Rf6,Rg1]})
27... Be2 $1 {Finally bishop finds a way out.} 28. Re1 (28. Rf2 Rb1 $1) 28...
Nd3 $1 29. Qxc5 (29. Rxe2 Rb1 $1) 29... dxc5 30. Rxe2 Rb1 $1 $17 {Puenta.Now
Black's big advantage doesn't give rise to doubts.All black pieces and
espesially Black's bishop tower over white ones.} 31. fxg6 fxg6 (31... Rxc1+
32. Bf1 fxg6 {see 31...fg}) 32. Bf1 Rxc1 33. c4 Kg7 $1 {[%mdl 32] White is
lack of moves.} 34. h4 (34. Rd2 Ne5 35. Kg2 Bg5 36. Rf2 Ng4 37. Re2 Rxc2 $1 38.
Rxc2 Ne3+) (34. Kg2 Rxc2 $1 35. Rxc2 Ne1+) 34... h5 $1 {The same strategy.} 35.
Rd2 (35. Ne3 Bd4 {[%cal Gd3e5]}) 35... Ne5 {[%cal Re5f3]} 36. Kf2 (36. Kg2 Ng4
$1 {[%cal Gc1c2]} 37. Bd3 Bc3 38. Re2 Ne5 {[%csl Rd3][%mdl 32] Look at this
position of full dominancy. White's bishop is encicled of its own pieces!} 39.
Re3 Bd4 $1 $19) 36... Ng4+ 37. Ke2 (37. Kg1 {doesn't save} Bc3 38. Re2 e5 39.
Rg2 Kf6 $1 {[%csl Rc2]} 40. Re2 Ke7 41. Rg2 Kd6 $19 {[%csl Rc2][%cal Gd6c7,
Gc7b6,Gb6a5,Ga5a4,Ga4b3][%mdl 32]}) (37. Kg2 Rxc2) 37... Bc3 38. Rd1 Rxc2+ 39.
Kd3 Rf2 $1 40. Kxc3 Ne3 $19 {The rest is clear.} 41. Rd7 Nxf1 42. Rxe7+ Kf6 43.
Rc7 Nxg3 44. Rc6+ Kg7 45. e5 Re2 46. e6 Re3+ 47. Kd2 Re5 48. e7 Rxe7 49. Kd3
Re5 0-1

[Event "TUR-chT"]
[Site "Konya"]
[Date "2012.07.11"]
[Round "1"]
[White "Polgar, Judit"]
[Black "Mamedov, Rauf"]
[Result "1-0"]
[WhiteElo "2709"]
[BlackElo "2628"]
[Annotator "Miroshnichenko,E"]
[PlyCount "83"]
[EventDate "2012.07.11"]
[EventType "team-tourn"]
[EventRounds "13"]
[EventCountry "TUR"]
[SourceTitle "CBM 149 Extra"]
[Source "ChessBase"]
[SourceDate "2012.08.24"]
[SourceVersion "1"]
[SourceVersionDate "2012.08.24"]
[SourceQuality "1"]
[WhiteTeam "Istanbul Aquamatch"]
[BlackTeam "Besiktas Jimnastik"]
[WhiteTeamCountry "TUR"]
[BlackTeamCountry "TUR"]

1. e4 c5 2. Nf3 d6 3. d4 cxd4 4. Nxd4 Nf6 5. Nc3 g6 6. g3 Bg7 7. Bg2 O-O 8. O-O
Nc6 9. Nde2 Rb8 10. a4 a6 11. h3 b5 12. axb5 axb5 13. Bg5 h6 14. Be3 b4 15. Nd5
Nd7 16. Qc1 Kh7 17. Rd1 Bb7 18. Nd4 e6 19. Nxc6 Bxc6 20. Nf4 Ne5 21. Bd4 Qc7
22. b3 Ra8 23. Qe3 Rxa1 24. Rxa1 Ra8 25. Rxa8 Bxa8 26. Qd2 h5 27. Ne2 Nd7 28.
Bxg7 Kxg7 29. Nf4 Nf6 30. Qxb4 Qxc2 31. Qxd6 Qxb3 {The position looks dead
draw, so White goes for the last wave of pressure, which surprisingly pays off.
} 32. e5 Ne4 {Only move!} (32... Bxg2 $4 33. exf6+) (32... Nd5 33. Nxe6+ $1
fxe6 34. Qd7+ Kh6 35. Qd8 Qb7 36. Qh8+ Kg5 37. Qf8 $18) (32... Qb1+ 33. Kh2 Ne4
34. Nxe6+ fxe6 35. Qe7+ Kh6 36. Qf8+ Kh7 37. Qxa8 Nxf2 (37... Ng5 $18 {doesn't
change much.}) 38. Qa7+ $18 {, picking up the horse on one of the longest
forks ever!}) 33. Qd4 Qb1+ 34. Kh2 Bc6 {'??'} (34... Bb7 35. Qd7 (35. Nxe6+
fxe6 36. Qd7+ {leads nowhere -} Kh6 37. Qxe6 Ng5 38. Qe8 Bxg2 39. Qf8+ Kh7 40.
Qe7+ $11) 35... Qb6 36. Nxe6+ Qxe6 37. Qxb7 Nxf2 38. Qf3 Qxe5 $1 {not the only,
but perhaps the easiest way to draw.} 39. Qxf2 h4 $11) 35. Nd3 {'!'} Qb7 36.
Nb4 {'!'} Bd5 37. Nxd5 exd5 38. Bxe4 {'!'} dxe4 39. e6+ Kh6 (39... Kh7 40. Qd7
Qb2 41. Qxf7+ Qg7 42. Qd7 $1 $18) 40. Qh8+ Kg5 41. Qe5+ Kh6 42. e7 $18 1-0